| 000 | 01066cam a2200253 4500 | ||
|---|---|---|---|
| 008 | 030113n2002 000 0 eng u | ||
| 020 | _a1859460852 | ||
| 035 | _a(Sirsi) u120981 | ||
| 041 | _aeng. | ||
| 050 |
_a711.1 _c18 |
||
| 100 | _aCollins, John | ||
| 245 | 2 | _aA guide to negotiating the planning maze | |
| 260 |
_aLondon _bRIBA Publications _c2002 |
||
| 300 |
_a81p. _c25cm. |
||
| 350 | _a12 | ||
| 490 | _aRIBA Small Practices Series | ||
| 520 | _aOffers guidance on the ever-changing planning system in England and Wales. Outlines the framework of plan-making and development control for the practising architect, explains how to keep abreast of changes to law and practice, how to avoid pitalls, and how to deal effectively with the planning bureaucracy. Offers guidance on applying for planning permission through to going to appeal. | ||
| 650 | _aPLANNING POLICY | ||
| 650 | _aPLANNING GUIDANCE | ||
| 650 | _aPLANNING LAW | ||
| 690 | _aENVIRONMENTAL AND LAND CONSULTANCY-PLANNING AND DEVELOPMENT | ||
| 700 | _aMoren, Philip | ||
| 942 | _n0 | ||
| 999 |
_c102588 _d102588 |
||